000 00596nam a2200157 i 4500
001 59342
003 ES-MaACL
005 20230906164020.0
007 t|
008 031028m19701976it ||||1| ita d
245 0 0 _aEnciclopedia delle religioni.
260 _a[Firenze] :
_bVallecchi,
_c1970-1976.
300 _a6 v. :
_bil. ;
_c29 cm.
505 8 _aContiene: T. I.: Abacuc-Celti. -- T. II.: Ceram-Germani. -- T. III.: GesĂș Cristo-Malachia. -- T. IV.: Malankaresi-Proverbi. -- T. V.: Pseudo-Dionigi-Tupi-Guarani. -- T. VI.: Igro-Finnici-Zwingli-Indici
852 _aES-MaACL
_jA-7528-33
_bR.96872
999 _c59342
_d59342